000 00667nab a2200181 4500
001 244442
003 OSt
005 20230919121343.0
007 tu
008 200917s2020|||||||
040 _aDE-2950
_cDE-2950
245 0 0 _aTextilbetrieb Bliemel blickt auf 135 Jahre Tradition zurück
_bJubiläum. Das Unternehmen am Winterhafen hat das Kaiserreich, zwei Weltkriege und die DDR überdauert. Geschäftsinhaberin Petra Dräger blickt zurück/
_cJanine Reinschmidt
264 _c2023
653 _aFrankfurt (Oder)
653 _aTextilbetrieb Bliemel
773 0 _g34. Jahrgang (2023) Nr. 214 vom 13.09.2023, S. 16, mit Foto
_tMärkische Oderzeitung
942 _2z
_cA
999 _c372732
_d372732